| 000 | 00549pab a2200193 454500 | ||
|---|---|---|---|
| 008 | 180718b2006 xxu||||| |||| 00| 0 eng d | ||
| 100 | _aMatschke, Xenia | ||
| 245 | _aDo labor issues matter in the determination of US trade policy? An empirical reevaluation | ||
| 260 | _c2006 | ||
| 300 | _ap.405-21. | ||
| 362 | _aMar | ||
| 650 | _aUnited States - Commerce | ||
| 650 | _aTrade | ||
| 650 | _aLabour market - United States | ||
| 650 | _aLabour market | ||
| 700 | _aSherlund, Shane M. | ||
| 773 | _aAmerican Economic Review | ||
| 909 | _a70522 | ||
| 999 |
_c70522 _d70522 |
||